Matthew Spry

Imperial B


Categories

Literature - American Literature020020120133.0000
World and Other Literature020020131135.0001
Chemistry>1000151313.0011
Science - Biology010010115115.0000
Other Academic0100108484.0001
Philosophy010010153153.0000
Literature - British Literature010010135135.0001
Science - Physics0100109898.0001
History - World History01115125125.0000
Science - Chemistry01105113113.0011

Buzzes

Chemistry>ammonia1513
Science - Chemistrysurface area-564
History - World HistoryPaul Kagame-583
Other Academicsteakhouses1084
Science - Physicslinear1098
Science - Chemistrycalibration10113
Science - Biologyseed dispersal10115
Literature - American LiteratureDeath of a Salesman10120
History - World HistoryChile10125
World and Other LiteratureDesai10131